000 00339nam a2200121Ia 4500
008 240731s9999 xx 000 0 und d
022 _a2164-2850
245 0 _aHealth Psychology and Behavioral Medicine : An Open Access Journal
260 _bRoutledge
856 _uhttps://www.tandfonline.com/loi/rhpb20
942 _2ddc
942 _cTFEJ
999 _c76807
_d76807
945 _a1
_bMadushi Gamage
_c1
_dMadushi Gamage